=LDR 00000nam 2200000 4500 =001 INLIS000000000000355 =005 20150310095406.0 =006 =007 =008 Ind =035 ##$$0010-061300000000355 =041 ##$$a Ind =082 ##$$a 910.7 =090 ##$$a 910.7 Cic G =100 ##$$a Cicilia YS =245 ##$$a Geografi untuk SLTP kelas 1 berdasarkan kurikulum 1994 / YS Cicilia, YP.Suprayitno, Rasmiharsih =260 ##$$a Bandung $b Edumedia $c 1994 =300 ##$$a ...Jild. : ilus. ; 21 cm =650 ##$$a Geografi =650 ##$$a Studi dan Pengajaran =700 ##$$a Suprayitno,YP =850 ##$$a NBPNMAT